000 00737nam a22002057a 4500
999 _c2918
_d2918
003 AR-CdUCM
008 190305b ||||| |||| 00| 0 esp d
020 _aISBN
040 _aMUNICIPALIDAD PROVINCIAL DEL CUSCO
_cBIBLIOTECA MUNICIPAL DEL CUSCO
082 _a858.9 /
_bP63
100 _aPitigrilli
_910029
245 _aEl cinturón de castidad /
260 _aSantiago de Chile ;
_bErcilla,
_c1935.
300 _a171 paginas ;
_c18 cm.
505 _aUn perro desdichado -- Su lengua y la mía -- Una garconniere y tu corazón -- El centenario -- Engañame bien -- El sereno pesimista -- No la tocare a usted.
650 _aLiteratura italiana
_9615
650 _aNovela del siglo XX
_910030
942 _2ddc
_cLIBROS
945 _aacrt